000 00371 a2200169 4500
001 69568
020 _a8526234714
040 _cAnchieta - Itaigara
100 _aAndrade, Telma GuimarĂ£es Castro
240 1 0 _aRobin Hood
_lpor
245 1 0 _aRobin Hood
300 _a47
362 0 _a1998
440 1 _aScipione
650 4 _aLiteratura infanto-juvenil
942 _cBK
999 _c69568
_d69568